[Event "Southend Masters"]
[Site "Southend"]
[Date "2023.04.06"]
[Round "1.1"]
[White "Chan, Kim Yew"]
[Black "Han, Yichen"]
[Result "1/2-1/2"]
[WhiteElo "2367"]
[BlackElo "2406"]
[PlyCount "72"]
[EventDate "2023.04.06"]
[EventType "tourn"]
[EventRounds "9"]
[EventCountry "ENG"]
[EventCategory "9"]
[SourceTitle "BritBase"]
[Source "John Saunders"]
[SourceDate "2023.04.11"]
[SourceVersion "1"]
[SourceVersionDate "2023.04.11"]
[SourceQuality "1"]

1. Nf3 d5 2. d4 Nf6 3. c4 e6 4. g3 dxc4 5. Bg2 Nc6 6. Qa4 Bb4+ 7. Bd2 Nd5 8.
Qb5 Bxd2+ 9. Nbxd2 c3 10. bxc3 Nxc3 11. Qb3 Nd5 12. O-O Nb6 13. e3 O-O 14. Rfc1
Re8 15. Ne4 e5 16. Rxc6 bxc6 17. Nxe5 Be6 18. Qc2 Bd5 19. Nxc6 Bxc6 20. Qxc6
Rb8 21. Rc1 Re7 22. h4 Nc8 23. Rc2 Nd6 24. Nc3 Re6 25. Qa4 Nc8 26. Qa5 Rd6 27.
Bf3 c6 28. Qc5 Qb6 29. Ne4 Qxc5 30. Rxc5 Rh6 31. a4 Ne7 32. Ra5 Rb7 33. Nc5 Rc7
34. Na6 Rb7 35. Nc5 Rc7 36. Na6 Rb7 1/2-1/2

[Event "Southend Masters"]
[Site "Southend"]
[Date "2023.04.06"]
[Round "1.2"]
[White "Boyer, Mahel"]
[Black "Kirk, Ezra"]
[Result "1-0"]
[WhiteElo "2463"]
[BlackElo "2439"]
[PlyCount "73"]
[EventDate "2023.04.06"]
[EventType "tourn"]
[EventRounds "9"]
[EventCountry "ENG"]
[EventCategory "9"]
[SourceTitle "BritBase"]
[Source "John Saunders"]
[SourceDate "2023.04.11"]
[SourceVersion "1"]
[SourceVersionDate "2023.04.11"]
[SourceQuality "1"]

1. e4 c5 2. Nf3 d6 3. d4 cxd4 4. Nxd4 Nf6 5. Nc3 a6 6. g3 e5 7. Nb3 Be6 8. f4
Be7 9. f5 Bd7 10. Bg5 Bc6 11. Bxf6 Bxf6 12. Bc4 O-O 13. h4 a5 14. a4 Na6 15.
Qe2 Nb4 16. O-O-O Rc8 17. Kb1 Qc7 18. Nb5 Bxb5 19. Bxb5 Qxc2+ 20. Qxc2 Rxc2 21.
Nxa5 d5 22. Rxd5 Rfc8 23. Rd7 b6 24. Nc4 Rg2 25. Rhd1 Rxg3 26. Nxb6 Rb8 27. a5
h5 28. Rc7 Bxh4 29. Bc4 Kh8 30. Bxf7 Bd8 31. Rc4 Rb3 32. Rc8 Rxc8 33. Nxc8 Rd3
34. Rxd3 Nxd3 35. a6 h4 36. a7 h3 37. Bh5 1-0

[Event "Southend Masters"]
[Site "Southend"]
[Date "2023.04.06"]
[Round "1.3"]
[White "Vardaan, Nagpal"]
[Black "Ghasi, Ameet K"]
[Result "0-1"]
[WhiteElo "2333"]
[BlackElo "2479"]
[PlyCount "124"]
[EventDate "2023.04.06"]
[EventType "tourn"]
[EventRounds "9"]
[EventCountry "ENG"]
[EventCategory "9"]
[SourceTitle "BritBase"]
[Source "John Saunders"]
[SourceDate "2023.04.11"]
[SourceVersion "1"]
[SourceVersionDate "2023.04.11"]
[SourceQuality "1"]

1. d4 Nf6 2. c4 g6 3. Nf3 Bg7 4. g3 O-O 5. Bg2 d6 6. O-O c6 7. Nc3 Qb6 8. b3 e5
9. dxe5 dxe5 10. e4 Bg4 11. Qc2 Bxf3 12. Bxf3 Nbd7 13. Be3 Qc7 14. Rad1 Rfe8
15. Bg2 Ng4 16. Bc1 Nc5 17. Bh3 Nf6 18. Be3 Qa5 19. Bd2 Qb6 20. Be3 Bf8 21. Rb1
Qc7 22. b4 Ne6 23. Bxe6 Rxe6 24. c5 Rd8 25. f3 Qc8 26. Rfd1 Ree8 27. Qb3 Nh5
28. Na4 Qh3 29. Bf2 Ng7 30. Nb2 h5 31. Nc4 Rxd1+ 32. Qxd1 Qe6 33. Qe2 h4 34.
Rd1 Nh5 35. a3 Be7 36. Nd6 Rb8 37. Qc4 Qf6 38. Qb3 b6 39. Qc3 bxc5 40. bxc5 Rd8
41. Qb3 h3 42. Nc4 Rxd1+ 43. Qxd1 Qe6 44. Qd3 Nf6 45. Na5 Nd7 46. Nb3 Nf8 47.
Be3 Qc8 48. Kf2 Ne6 49. Ke2 Qb7 50. Kd1 Kg7 51. Kc2 Bd8 52. f4 Qe7 53. f5 gxf5
54. exf5 Nc7 55. Qe4 Nd5 56. g4 Qh4 57. Bd2 Qf2 58. Qxe5+ Bf6 59. Qe4 Qg2 60.
Kd3 Qxh2 61. Nd4 Qg3+ 62. Ke2 Qe5 0-1

[Event "Southend Masters"]
[Site "Southend"]
[Date "2023.04.06"]
[Round "1.4"]
[White "Ernst, Sipke"]
[Black "Willow, Jonah B"]
[Result "1-0"]
[WhiteElo "2526"]
[BlackElo "2468"]
[PlyCount "91"]
[EventDate "2023.04.06"]
[EventType "tourn"]
[EventRounds "9"]
[EventCountry "ENG"]
[EventCategory "9"]
[SourceTitle "BritBase"]
[Source "John Saunders"]
[SourceDate "2023.04.11"]
[SourceVersion "1"]
[SourceVersionDate "2023.04.11"]
[SourceQuality "1"]

1. d4 d5 2. c4 dxc4 3. Nf3 c5 4. e3 cxd4 5. Bxc4 Qc7 6. Bb3 dxe3 7. Bxe3 e6 8.
O-O Nc6 9. Nc3 Nf6 10. Nb5 Qa5 11. Nfd4 Nxd4 12. Qxd4 Bd7 13. Nd6+ Bxd6 14.
Qxd6 Bc6 15. Bc5 Qd8 16. Qg3 Ne4 17. Qxg7 Qf6 18. Qxf6 Nxf6 19. f3 Rg8 20. Rac1
Nd5 21. Rc2 a6 22. Kf2 O-O-O 23. g3 Rg5 24. Rd1 Rf5 25. g4 Rf6 26. Bxd5 Rxd5
27. Rxd5 exd5 28. Bd4 Re6 29. Rd2 Kd7 30. Kg3 Bb5 31. Bc3 Kd6 32. Rd4 Re3 33.
Rf4 Ke7 34. a4 Bd3 35. Rb4 b5 36. Rb3 bxa4 37. Ra3 Re2 38. Bb4+ Ke6 39. Rxd3
Rxb2 40. Ba3 Ra2 41. Bf8 Rc2 42. Rd4 Ra2 43. Kf4 h5 44. gxh5 Rxh2 45. h6 a3 46.
Kg3 1-0

[Event "Southend Masters"]
[Site "Southend"]
[Date "2023.04.06"]
[Round "2.1"]
[White "Han, Yichen"]
[Black "Livaic, Leon"]
[Result "1/2-1/2"]
[WhiteElo "2406"]
[BlackElo "2591"]
[PlyCount "69"]
[EventDate "2023.04.06"]
[EventType "tourn"]
[EventRounds "9"]
[EventCountry "ENG"]
[EventCategory "9"]
[SourceTitle "BritBase"]
[Source "John Saunders"]
[SourceDate "2023.04.11"]
[SourceVersion "1"]
[SourceVersionDate "2023.04.11"]
[SourceQuality "1"]

1. e4 e6 2. d4 d5 3. Nc3 Bb4 4. e5 c5 5. a3 Bxc3+ 6. bxc3 Nc6 7. Qg4 g6 8. Nf3
Qa5 9. Bd2 c4 10. Qf4 h6 11. h4 Bd7 12. Be2 Rh7 13. Nh2 O-O-O 14. Ng4 Rf8 15.
Nf6 Nxf6 16. Qxf6 Re8 17. h5 g5 18. f4 gxf4 19. Qxf4 Qb6 20. Bc1 f5 21. exf6 e5
22. dxe5 Nxe5 23. Be3 Nd3+ 24. cxd3 Rxe3 25. dxc4 Re4 26. Qf3 Bg4 27. f7 Rxf7
28. Qxf7 Qe3 29. Qg8+ Kc7 30. Qg7+ Bd7 31. Ra2 Qc1+ 32. Kf2 Qe3+ 33. Ke1 Qc1+
34. Kf2 Qe3+ 35. Ke1 1/2-1/2

[Event "Southend Masters"]
[Site "Southend"]
[Date "2023.04.06"]
[Round "2.2"]
[White "Willow, Jonah B"]
[Black "Korneev, Oleg"]
[Result "1/2-1/2"]
[WhiteElo "2468"]
[BlackElo "2468"]
[PlyCount "46"]
[EventDate "2023.04.06"]
[EventType "tourn"]
[EventRounds "9"]
[EventCountry "ENG"]
[EventCategory "9"]
[SourceTitle "BritBase"]
[Source "John Saunders"]
[SourceDate "2023.04.11"]
[SourceVersion "1"]
[SourceVersionDate "2023.04.11"]
[SourceQuality "1"]

1. e4 e5 2. Nf3 Nc6 3. Nc3 Nf6 4. d4 exd4 5. Nxd4 Bb4 6. Nxc6 bxc6 7. Bd3 d5 8.
exd5 cxd5 9. O-O O-O 10. h3 c6 11. Qf3 Bd6 12. Re1 Rb8 13. b3 Re8 14. Bb2 Bd7
15. Rxe8+ Qxe8 16. Na4 Qe7 17. Rd1 Re8 18. Bd4 Bc8 19. c4 Ne4 20. Bxe4 dxe4 21.
Qc3 Bb8 22. Bxg7 e3 23. fxe3 Qc7 1/2-1/2

[Event "Southend Masters"]
[Site "Southend"]
[Date "2023.04.06"]
[Round "2.3"]
[White "Ghasi, Ameet K"]
[Black "Ernst, Sipke"]
[Result "1/2-1/2"]
[WhiteElo "2479"]
[BlackElo "2526"]
[PlyCount "84"]
[EventDate "2023.04.06"]
[EventType "tourn"]
[EventRounds "9"]
[EventCountry "ENG"]
[EventCategory "9"]
[SourceTitle "BritBase"]
[Source "John Saunders"]
[SourceDate "2023.04.11"]
[SourceVersion "1"]
[SourceVersionDate "2023.04.11"]
[SourceQuality "1"]

1. Nf3 d5 2. g3 c5 3. Bg2 Nc6 4. O-O Nf6 5. d3 e5 6. Nbd2 Bd6 7. e4 d4 8. Nc4
Bc7 9. a4 a6 10. Nh4 Bg4 11. Qe1 b5 12. axb5 axb5 13. Rxa8 Qxa8 14. Na3 Qa6 15.
f4 Be6 16. Qe2 c4 17. dxc4 bxc4 18. f5 d3 19. Qd1 Bc8 20. c3 Na5 21. h3 Nb3 22.
Bg5 Bb7 23. Kh2 Bd6 24. Bxf6 gxf6 25. Nb1 Bc5 26. Qg4 Kf8 27. Nf3 Be3 28. Qh4
Qd6 29. Re1 Bf2 30. Rf1 Be3 31. Re1 Bf2 32. Rf1 Bc5 33. Qh6+ Ke7 34. Nh4 Qd8
35. Nf3 Qb6 36. Qg7 Qd8 37. Nbd2 Nxd2 38. Nxd2 Be3 39. Nxc4 Rg8 40. Qxh7 Rh8
41. Qg7 Rg8 42. Qh7 Rh8 1/2-1/2

[Event "Southend Masters"]
[Site "Southend"]
[Date "2023.04.06"]
[Round "2.4"]
[White "Kirk, Ezra"]
[Black "Vardaan, Nagpal"]
[Result "1/2-1/2"]
[WhiteElo "2439"]
[BlackElo "2333"]
[PlyCount "135"]
[EventDate "2023.04.06"]
[EventType "tourn"]
[EventRounds "9"]
[EventCountry "ENG"]
[EventCategory "9"]
[SourceTitle "BritBase"]
[Source "John Saunders"]
[SourceDate "2023.04.11"]
[SourceVersion "1"]
[SourceVersionDate "2023.04.11"]
[SourceQuality "1"]

1. e4 e5 2. Nf3 Nf6 3. Nc3 Nc6 4. Bb5 Bb4 5. O-O O-O 6. Bxc6 dxc6 7. d3 Nd7 8.
Ne2 Bd6 9. Ng3 c5 10. Nd2 Nb8 11. Nc4 Nc6 12. a4 Be6 13. b3 Qd7 14. h3 f6 15.
Ne3 Rf7 16. Nef5 Nd4 17. Nxd4 cxd4 18. Qe2 Re8 19. Ba3 c5 20. Bc1 Qc7 21. Nf5
Bf8 22. g4 b6 23. f4 exf4 24. Bxf4 Qd7 25. Qg2 a6 26. Rf3 b5 27. axb5 axb5 28.
Kh1 Qc6 29. Bh2 Bxf5 30. Rxf5 c4 31. bxc4 bxc4 32. Raf1 Rd7 33. g5 fxg5 34.
Qxg5 cxd3 35. cxd3 Be7 36. Qg4 Rf8 37. Rxf8+ Bxf8 38. Qf5 Bb4 39. Be5 g6 40.
Qg5 Qe6 41. Kg2 Bd6 42. Bxd6 Rxd6 43. h4 Kg7 44. h5 h6 45. Qf4 Qe7 46. Qg4 Kh7
47. Rf4 gxh5 48. Qxh5 Rg6+ 49. Kf3 Kg7 50. Qd5 Qa7 51. e5 Qe7 52. Qxd4 h5 53.
Rf5 Qe6 54. Rxh5 Qf7+ 55. Qf4 Qd5+ 56. Qe4 Qb3 57. Rh1 Qb2 58. Re1 Qg2+ 59. Ke3
Rg3+ 60. Kd4 Rg4 61. e6 Kf8 62. Rf1+ Ke8 63. Rf4 Qb2+ 64. Ke3 Qc1+ 65. Kf3 Qd1+
66. Ke3 Qc1+ 67. Kf3 Qd1+ 68. Ke3 1/2-1/2

[Event "Southend Masters"]
[Site "Southend"]
[Date "2023.04.06"]
[Round "2.5"]
[White "Chan, Kim Yew"]
[Black "Boyer, Mahel"]
[Result "0-1"]
[WhiteElo "2367"]
[BlackElo "2463"]
[PlyCount "62"]
[EventDate "2023.04.06"]
[EventType "tourn"]
[EventRounds "9"]
[EventCountry "ENG"]
[EventCategory "9"]
[SourceTitle "BritBase"]
[Source "John Saunders"]
[SourceDate "2023.04.11"]
[SourceVersion "1"]
[SourceVersionDate "2023.04.11"]
[SourceQuality "1"]

1. Nf3 d5 2. d4 Nf6 3. c4 e6 4. g3 Bd6 5. Bg2 O-O 6. O-O h6 7. Nc3 Nc6 8. b3
dxc4 9. bxc4 e5 10. d5 Na5 11. c5 Bxc5 12. Nxe5 Re8 13. Nd3 Bb6 14. e4 c6 15.
Nf4 Bg4 16. Qd3 g5 17. h3 Bd7 18. Nfe2 cxd5 19. exd5 Rc8 20. Rb1 Nc4 21. Nd4
Ne5 22. Qd2 Bxh3 23. Rxb6 Bxg2 24. Rxf6 Bxf1 25. Rxh6 Bd3 26. Rh5 Bg6 27. Rxg5
Qf6 28. Kg2 Kh7 29. Qe1 Nd3 30. Qh1+ Kg8 31. Be3 Rxe3 0-1

[Event "Southend Masters"]
[Site "Southend"]
[Date "2023.04.07"]
[Round "3.1"]
[White "Boyer, Mahel"]
[Black "Han, Yichen"]
[Result "1-0"]
[WhiteElo "2463"]
[BlackElo "2406"]
[PlyCount "83"]
[EventDate "2023.04.06"]
[EventType "tourn"]
[EventRounds "9"]
[EventCountry "ENG"]
[EventCategory "9"]
[SourceTitle "BritBase"]
[Source "John Saunders"]
[SourceDate "2023.04.11"]
[SourceVersion "1"]
[SourceVersionDate "2023.04.11"]
[SourceQuality "1"]

1. e4 e5 2. Nf3 Nc6 3. Bb5 a6 4. Bxc6 dxc6 5. O-O Qf6 6. d4 exd4 7. Bg5 Qd6 8.
Nxd4 Be7 9. Be3 Nf6 10. f3 c5 11. Ne2 Be6 12. Nbc3 O-O-O 13. Qxd6 cxd6 14. Bg5
h6 15. Bxf6 Bxf6 16. Rad1 Bc4 17. b3 Bd4+ 18. Kh1 Bxc3 19. bxc4 Be5 20. a4 Kc7
21. Rd5 Rhe8 22. Rfd1 g6 23. Kg1 Kc6 24. Kf2 Bg7 25. R5d3 f5 26. exf5 gxf5 27.
Rd5 Re5 28. Ng3 Rxd5 29. cxd5+ Kc7 30. Nxf5 Be5 31. Rb1 h5 32. Ke3 Re8 33. f4
Bc3+ 34. Kf3 Rb8 35. Rb3 Bf6 36. c4 Re8 37. Rxb7+ Kxb7 38. Nxd6+ Kb6 39. Nxe8
Bd8 40. f5 Kb7 41. f6 Kc8 42. d6 1-0

[Event "Southend Masters"]
[Site "Southend"]
[Date "2023.04.07"]
[Round "3.2"]
[White "Vardaan, Nagpal"]
[Black "Chan, Kim Yew"]
[Result "1/2-1/2"]
[WhiteElo "2333"]
[BlackElo "2367"]
[PlyCount "104"]
[EventDate "2023.04.06"]
[EventType "tourn"]
[EventRounds "9"]
[EventCountry "ENG"]
[EventCategory "9"]
[SourceTitle "BritBase"]
[Source "John Saunders"]
[SourceDate "2023.04.11"]
[SourceVersion "1"]
[SourceVersionDate "2023.04.11"]
[SourceQuality "1"]

1. c4 c5 2. Nc3 g6 3. e3 Nf6 4. d4 cxd4 5. exd4 d5 6. cxd5 Nxd5 7. Bc4 Nb6 8.
Bb3 Bg7 9. Nf3 O-O 10. h3 Nc6 11. d5 Na5 12. O-O Nxb3 13. axb3 e6 14. Bg5 f6
15. Be3 Nxd5 16. Nxd5 Qxd5 17. Qxd5 exd5 18. Bxa7 Be6 19. Bd4 Rfc8 20. Bc3 Kf7
21. Rfd1 Bf8 22. Nd4 Bc5 23. Rab1 Ra6 24. Rd3 Bxd4 25. Rxd4 Rb6 26. b4 Rc4 27.
Rxc4 dxc4 28. Rd1 Rc6 29. f3 Bf5 30. Rd4 Be6 31. Kf2 Rc7 32. Rd1 Rc6 33. Ke3
Bf5 34. Rd5 Ke7 35. g4 Be6 36. Rb5 Bc8 37. Kf2 Kd7 38. h4 Kc7 39. Rd5 Rd6 40.
Rc5+ Rc6 41. Ra5 Ra6 42. Rxa6 bxa6 43. Bxf6 Kd6 44. Ke3 h5 45. Kf4 hxg4 46.
fxg4 Ke6 47. Bc3 Kf7 48. h5 gxh5 49. gxh5 Kg8 50. Ke5 Bg4 51. h6 Bd7 52. Kd6
Bb5 1/2-1/2

[Event "Southend Masters"]
[Site "Southend"]
[Date "2023.04.07"]
[Round "3.3"]
[White "Ernst, Sipke"]
[Black "Kirk, Ezra"]
[Result "1-0"]
[WhiteElo "2526"]
[BlackElo "2439"]
[PlyCount "99"]
[EventDate "2023.04.06"]
[EventType "tourn"]
[EventRounds "9"]
[EventCountry "ENG"]
[EventCategory "9"]
[SourceTitle "BritBase"]
[Source "John Saunders"]
[SourceDate "2023.04.11"]
[SourceVersion "1"]
[SourceVersionDate "2023.04.11"]
[SourceQuality "1"]

1. d4 Nf6 2. c4 g6 3. Nc3 Bg7 4. e4 d6 5. h3 O-O 6. Be3 e5 7. d5 Na6 8. g4 Nc5
9. f3 a5 10. Qd2 c6 11. Nge2 a4 12. Nc1 Qa5 13. Nd3 cxd5 14. cxd5 Nfd7 15. Nxc5
Nxc5 16. Nb5 Qd8 17. O-O-O b6 18. Bc4 Qd7 19. Kb1 Ba6 20. Qe2 f5 21. gxf5 gxf5
22. Bxc5 bxc5 23. Na3 Bc8 24. Bd3 f4 25. Bb5 Qe7 26. Nc4 Qd8 27. Qc2 Bf6 28.
Rdg1+ Kh8 29. h4 Rf7 30. h5 a3 31. bxa3 Bh4 32. Ka1 Bg3 33. Rb1 Ba6 34. Bxa6
Rxa6 35. h6 Rfa7 36. Rb5 Kg8 37. Qb2 Kf7 38. Rb8 Qd7 39. Rb1 Qa4 40. Rc1 Qd7
41. Rb1 Qa4 42. Rc1 Qd7 43. Rh8 Kf6 44. Rf8+ Kg6 45. Rg8+ Kf6 46. Rb1 Qf7 47.
Rd8 Qc7 48. Rxd6+ Qxd6 49. Nxd6 Rxd6 50. Qb8 1-0

[Event "Southend Masters"]
[Site "Southend"]
[Date "2023.04.07"]
[Round "3.4"]
[White "Korneev, Oleg"]
[Black "Ghasi, Ameet K"]
[Result "1/2-1/2"]
[WhiteElo "2468"]
[BlackElo "2479"]
[PlyCount "55"]
[EventDate "2023.04.06"]
[EventType "tourn"]
[EventRounds "9"]
[EventCountry "ENG"]
[EventCategory "9"]
[SourceTitle "BritBase"]
[Source "John Saunders"]
[SourceDate "2023.04.11"]
[SourceVersion "1"]
[SourceVersionDate "2023.04.11"]
[SourceQuality "1"]

1. e4 c6 2. d4 d5 3. e5 c5 4. Nf3 cxd4 5. Qxd4 Nc6 6. Qf4 e6 7. Bd3 Nb4 8. O-O
Nxd3 9. cxd3 Bd7 10. Nc3 Ne7 11. Ne2 Rc8 12. Ned4 Ng6 13. Qg3 Be7 14. Re1 Qb6
15. Be3 Qxb2 16. h4 h5 17. Rab1 Qa3 18. Rxb7 Qxd3 19. Rxa7 Bb4 20. Ra1 Bc5 21.
Rb7 Qa6 22. Rab1 Bxd4 23. Nxd4 Qa4 24. Qg5 Rc4 25. Rb8+ Rc8 26. R8b7 Rc4 27.
Rb8+ Rc8 28. R8b7 1/2-1/2

[Event "Southend Masters"]
[Site "Southend"]
[Date "2023.04.07"]
[Round "3.5"]
[White "Livaic, Leon"]
[Black "Willow, Jonah B"]
[Result "1-0"]
[WhiteElo "2591"]
[BlackElo "2468"]
[PlyCount "99"]
[EventDate "2023.04.06"]
[EventType "tourn"]
[EventRounds "9"]
[EventCountry "ENG"]
[EventCategory "9"]
[SourceTitle "BritBase"]
[Source "John Saunders"]
[SourceDate "2023.04.11"]
[SourceVersion "1"]
[SourceVersionDate "2023.04.11"]
[SourceQuality "1"]

1. d4 d5 2. c4 dxc4 3. Nf3 Nf6 4. e3 e6 5. Bxc4 a6 6. O-O Nbd7 7. Qe2 b5 8. Bb3
c5 9. Rd1 Bb7 10. Nc3 Qc7 11. e4 cxd4 12. Nxd4 Bc5 13. Be3 O-O 14. Rac1 Qb6 15.
f3 Ne5 16. Nc2 Rfd8 17. Bxc5 Qxc5+ 18. Qe3 Qxe3+ 19. Nxe3 Rac8 20. Kf1 Kf8 21.
a3 Ke7 22. Ke2 g5 23. Rxd8 Rxd8 24. Rd1 g4 25. f4 Nc6 26. Rxd8 Kxd8 27. Bd1 e5
28. Ned5 Nxd5 29. exd5 Ne7 30. fxe5 Nxd5 31. Nxd5 Bxd5 32. Ke3 Bxg2 33. Bxg4 a5
34. Kd4 b4 35. axb4 axb4 36. Kc5 Ke7 37. Kxb4 f6 38. exf6+ Kxf6 39. Kc5 Ke5 40.
Be2 Bh3 41. b4 Bd7 42. Bf3 h6 43. Bc6 Bh3 44. b5 Bf1 45. b6 Ba6 46. Bg2 Bc8 47.
h4 Ba6 48. Kc6 Kd4 49. Kc7 Kc5 50. Bh3 1-0

[Event "Southend Masters"]
[Site "Southend"]
[Date "2023.04.07"]
[Round "4.1"]
[White "Han, Yichen"]
[Black "Willow, Jonah B"]
[Result "0-1"]
[WhiteElo "2406"]
[BlackElo "2468"]
[PlyCount "96"]
[EventDate "2023.04.06"]
[EventType "tourn"]
[EventRounds "9"]
[EventCountry "ENG"]
[EventCategory "9"]
[SourceTitle "BritBase"]
[Source "John Saunders"]
[SourceDate "2023.04.11"]
[SourceVersion "1"]
[SourceVersionDate "2023.04.11"]
[SourceQuality "1"]

1. d4 Nf6 2. c4 e6 3. Nf3 a6 4. g3 b5 5. b3 Bb7 6. Bg2 c5 7. O-O cxd4 8. Na3
Qa5 9. Nc2 bxc4 10. bxc4 e5 11. e3 d3 12. Qxd3 Be4 13. Qe2 Nc6 14. Nh4 Qc3 15.
Bxe4 Nxe4 16. Rb1 Na5 17. f3 Nd6 18. c5 Qxc5 19. Ba3 Qc7 20. Rfc1 Ndc4 21. Bxf8
Kxf8 22. Qd3 Qd6 23. Qe4 Qc6 24. Qd3 g6 25. Nb4 Qc5 26. Qxd7 Kg7 27. Qg4 h5 28.
Qg5 Qxe3+ 29. Qxe3 Nxe3 30. Rc5 Nac4 31. Rc1 Rhc8 32. Rxc8 Rxc8 33. Nxa6 g5 34.
Ng2 Nxg2 35. Kxg2 Ne3+ 36. Kf2 Rxc1 37. Kxe3 Rc4 38. Nb8 Ra4 39. Nd7 f6 40. h3
Rxa2 41. Nc5 Rh2 42. f4 exf4+ 43. gxf4 Rxh3+ 44. Ke4 g4 45. Ne6+ Kf7 46. Nd4
Rh1 47. Ne2 Re1 48. Kf5 h4 0-1

[Event "Southend Masters"]
[Site "Southend"]
[Date "2023.04.07"]
[Round "4.2"]
[White "Ghasi, Ameet K"]
[Black "Livaic, Leon"]
[Result "1-0"]
[WhiteElo "2479"]
[BlackElo "2591"]
[PlyCount "81"]
[EventDate "2023.04.06"]
[EventType "tourn"]
[EventRounds "9"]
[EventCountry "ENG"]
[EventCategory "9"]
[SourceTitle "BritBase"]
[Source "John Saunders"]
[SourceDate "2023.04.11"]
[SourceVersion "1"]
[SourceVersionDate "2023.04.11"]
[SourceQuality "1"]

1. Nf3 Nf6 2. g3 g6 3. Bg2 Bg7 4. O-O O-O 5. d3 d6 6. e4 c5 7. Re1 Nc6 8. c3 e5
9. a3 Qe7 10. Nbd2 Be6 11. b4 b5 12. Rb1 Rab8 13. Nb3 a5 14. Nxa5 Nxa5 15. bxa5
Qa7 16. d4 exd4 17. cxd4 Qxa5 18. Bf4 Rb6 19. dxc5 dxc5 20. Bc7 Rc8 21. Bxb6
Qxb6 22. Ng5 c4 23. Nxe6 fxe6 24. e5 Rd8 25. Qe2 Nd5 26. Rbd1 Bf8 27. Bxd5 exd5
28. Qf3 Qe6 29. Rd4 Bc5 30. Rf4 d4 31. Rf6 Qd5 32. Qf4 Be7 33. Qh6 Bf8 34.
Rxg6+ hxg6 35. Qxg6+ Bg7 36. e6 Rd6 37. Re4 Qb7 38. Qe8+ Kh7 39. Rh4+ Bh6 40.
e7 Qf3 41. Qf8 1-0

[Event "Southend Masters"]
[Site "Southend"]
[Date "2023.04.07"]
[Round "4.3"]
[White "Kirk, Ezra"]
[Black "Korneev, Oleg"]
[Result "1/2-1/2"]
[WhiteElo "2439"]
[BlackElo "2468"]
[PlyCount "75"]
[EventDate "2023.04.06"]
[EventType "tourn"]
[EventRounds "9"]
[EventCountry "ENG"]
[EventCategory "9"]
[SourceTitle "BritBase"]
[Source "John Saunders"]
[SourceDate "2023.04.11"]
[SourceVersion "1"]
[SourceVersionDate "2023.04.11"]
[SourceQuality "1"]

1. d4 d5 2. c4 c6 3. Nf3 Nf6 4. Nc3 dxc4 5. a4 Bf5 6. Nh4 e6 7. Nxf5 exf5 8. e3
Bb4 9. Bxc4 O-O 10. Qc2 g6 11. O-O Nbd7 12. f3 Rc8 13. Kh1 c5 14. Na2 Ba5 15.
dxc5 Rxc5 16. b3 Qe7 17. Bb2 Rcc8 18. e4 fxe4 19. fxe4 Bc7 20. Rxf6 Nxf6 21.
Qc3 Bd8 22. Rf1 Re8 23. Bxf7+ Qxf7 24. Qxc8 Qxb3 25. Bxf6 Qf7 26. Nc3 Bxf6 27.
Qc5 Qe7 28. Qc4+ Qe6 29. Nd5 Be5 30. Qb3 b6 31. Qf3 h5 32. h3 Kg7 33. Nf4 Bxf4
34. Qxf4 Qxe4 35. Qf7+ Kh6 36. Qxa7 Qc4 37. Rb1 Rf8 38. Qxb6 1/2-1/2

[Event "Southend Masters"]
[Site "Southend"]
[Date "2023.04.07"]
[Round "4.4"]
[White "Chan, Kim Yew"]
[Black "Ernst, Sipke"]
[Result "1/2-1/2"]
[WhiteElo "2367"]
[BlackElo "2526"]
[PlyCount "117"]
[EventDate "2023.04.06"]
[EventType "tourn"]
[EventRounds "9"]
[EventCountry "ENG"]
[EventCategory "9"]
[SourceTitle "BritBase"]
[Source "John Saunders"]
[SourceDate "2023.04.11"]
[SourceVersion "1"]
[SourceVersionDate "2023.04.11"]
[SourceQuality "1"]

1. Nf3 d5 2. d4 Nf6 3. c4 e6 4. g3 Be7 5. Bg2 O-O 6. O-O dxc4 7. Qc2 b6 8. Bg5
c6 9. Qxc4 Ba6 10. Qc2 h6 11. Bxf6 Bxf6 12. Rd1 Qc7 13. Nc3 Nd7 14. Rac1 Rac8
15. b4 Qb8 16. e3 Rfd8 17. Qb3 Bb7 18. h4 c5 19. bxc5 bxc5 20. d5 c4 21. Qc2
exd5 22. Nxd5 Bxd5 23. Rxd5 Nb6 24. Rxd8+ Bxd8 25. Nd4 Bf6 26. Nc6 Qd6 27. Nxa7
Rc5 28. a4 c3 29. Nb5 Qd2 30. a5 Rxb5 31. axb6 Qxc2 32. Rxc2 Rb1+ 33. Bf1 Rxb6
34. Bd3 Rb1+ 35. Kg2 Ra1 36. Kf3 Kf8 37. Ke2 Ke7 38. Bc4 h5 39. Ra2 Rxa2+ 40.
Bxa2 c2 41. Kd2 Bc3+ 42. Kxc2 Be1 43. f4 Bxg3 44. Kd3 Bxh4 45. Ke4 g6 46. Kf3
f6 47. Bb1 Kf7 48. Bc2 Be1 49. Bd3 Kg7 50. Bc2 Kh6 51. Bd3 Bd2 52. Bc2 h4 53.
Kg4 Bxe3 54. Kxh4 Bxf4 55. Kg4 Bg3 56. Kxg3 Kg7 57. Kg4 Kh8 58. Bxg6 f5+ 59.
Kxf5 1/2-1/2

[Event "Southend Masters"]
[Site "Southend"]
[Date "2023.04.07"]
[Round "4.5"]
[White "Boyer, Mahel"]
[Black "Vardaan, Nagpal"]
[Result "1-0"]
[WhiteElo "2463"]
[BlackElo "2333"]
[PlyCount "97"]
[EventDate "2023.04.06"]
[EventType "tourn"]
[EventRounds "9"]
[EventCountry "ENG"]
[EventCategory "9"]
[SourceTitle "BritBase"]
[Source "John Saunders"]
[SourceDate "2023.04.11"]
[SourceVersion "1"]
[SourceVersionDate "2023.04.11"]
[SourceQuality "1"]

1. c4 c5 2. Nf3 Nf6 3. Nc3 Nc6 4. g3 d5 5. d4 e6 6. cxd5 Nxd5 7. Bg2 Nxc3 8.
bxc3 cxd4 9. cxd4 Bb4+ 10. Bd2 Bxd2+ 11. Qxd2 O-O 12. O-O Bd7 13. Rac1 Rc8 14.
e4 Qa5 15. Qb2 b6 16. a3 Ne7 17. h4 Qb5 18. Qa1 Rxc1 19. Rxc1 Rc8 20. Ne5 f6
21. Bf1 Qa4 22. Nc4 Qc6 23. Rd1 b5 24. d5 exd5 25. exd5 Qc5 26. Na5 Qb6 27. Nb3
Qd6 28. Qd4 Rc7 29. Qb4 Nc8 30. h5 a6 31. h6 gxh6 32. Qh4 Kg7 33. Bh3 Ne7 34.
Bxd7 Rxd7 35. Nc5 Ng6 36. Qg4 Re7 37. Ne6+ Kg8 38. Qf5 Kf7 39. Qh5 Kg8 40. Rc1
Qb8 41. Qxh6 Rd7 42. Rc6 Qe8 43. Rxa6 Qc8 44. Rc6 Qa8 45. Kh2 f5 46. Ng5 Qb7
47. Rxg6+ hxg6 48. Qxg6+ Kf8 49. d6 1-0